[Event "Krakow op-A 26th"]
[Site "Krakow"]
[Date "2015.12.31"]
[Round "5"]
[White "Kowalski, Igor"]
[Black "Adamowicz, Katarzyna"]
[Result "0-1"]
[WhiteElo "2198"]
[BlackElo "2134"]
[PlyCount "93"]
[EventDate "2015.12.27"]
[EventType "swiss"]
[EventRounds "9"]
[EventCountry "POL"]
[SourceTitle "CBM 170 Extra"]
[Source "ChessBase"]
[SourceDate "2016.02.25"]
[SourceVersion "1"]
[SourceVersionDate "2016.02.25"]
[SourceQuality "1"]

1. d4 Nf6 2. c4 c6 3. Nf3 d5 4. e3 Bg4 5. h3 Bh5 6. Nbd2 e6 7. g4 Bg6 8. Ne5 Be4 9. f3 Bg6 10. Nxg6 hxg6 11. Bg2 c5 12. dxc5 Bxc5 13. Qe2 Nc6 14. 0-0 Qb6 15. Nb3 dxc4 16. Nxc5 Qxc5 17. Bd2 Nd5 18. Kh1 0-0 19. Rac1 b5 20. b3 Nb6 21. f4 Rac8 22. e4 e5 23. Be3 Qa3 24. Qf2 Nd7 25. bxc4 Nb4 26. Qd2 bxc4 27. Rc3 Qa4 28. f5 Nf6 29. fxg6 Qxa2 30. Qxa2 Nxa2 31. Ra3 Nb4 32. Rxa7 fxg6 33. Ra5 Nd3 34. Bf3 Nxe4 35. Kg2 Nf6 36. g5 e4 37. Be2 Nh5 38. Bg4 Rc6 39. Rxf8+ Kxf8 40. Ra8+ Ke7 41. Ra7+ Kd6 42. Rd7+ Ke5 43. Re7+ Kd5 44. Rd7+ Rd6 45. Rc7 Nhf4+ 46. Kg3 Ne6 47. h4 0-1

[Event "POL-chT 1st League"]
[Site "Jastrzebia Gora"]
[Date "2015.09.11"]
[Round "7.2"]
[White "Panczyk, Krzysztof"]
[Black "Adamowicz, Katarzyna"]
[Result "1-0"]
[WhiteElo "2361"]
[BlackElo "2167"]
[PlyCount "35"]
[EventDate "2015.09.05"]
[EventType "team-tourn"]
[EventRounds "9"]
[EventCountry "POL"]
[SourceTitle "EXT 2016"]
[Source "ChessBase"]
[SourceDate "2015.10.08"]
[SourceVersion "1"]
[SourceVersionDate "2015.10.08"]
[SourceQuality "1"]
[WhiteTeam "Dabrowa Gornicza Zaglebie"]
[BlackTeam "Myslenice"]
[WhiteTeamCountry "POL"]
[BlackTeamCountry "POL"]

1. d4 d5 2. c4 c6 3. Nc3 Nf6 4. e3 g6 5. Nf3 Bg7 6. Bd3 0-0 7. 0-0 a6 8. Bd2 b5 9. cxd5 cxd5 10. a4 b4 11. Na2 a5 12. Nc1 Nbd7 13. Nb3 Bb7 14. Rc1 Ne4 15. Qe2 Nb6 16. Bb5 Nc4 17. Rc2 Qd6 18. Nc5 1-0

[Event "POL-chT 1st League"]
[Site "Jastrzebia Gora"]
[Date "2015.09.09"]
[Round "5.8"]
[White "Piesik, Piotr"]
[Black "Adamowicz, Katarzyna"]
[Result "1-0"]
[WhiteElo "2278"]
[BlackElo "2167"]
[PlyCount "83"]
[EventDate "2015.09.05"]
[EventType "team-tourn"]
[EventRounds "9"]
[EventCountry "POL"]
[SourceTitle "EXT 2016"]
[Source "ChessBase"]
[SourceDate "2015.10.08"]
[SourceVersion "1"]
[SourceVersionDate "2015.10.08"]
[SourceQuality "1"]
[WhiteTeam "Czestochowa Hetman"]
[BlackTeam "Myslenice"]
[WhiteTeamCountry "POL"]
[BlackTeamCountry "POL"]

1. Nf3 Nf6 2. g3 g6 3. Bg2 Bg7 4. 0-0 0-0 5. d3 d5 6. Nbd2 Nbd7 7. e4 dxe4 8. dxe4 e5 9. Qe2 b6 10. b4 Qe7 11. Rb1 a5 12. b5 Nc5 13. Ba3 Bb7 14. Ne1 Nfd7 15. Nb3 Qe6 16. Nxc5 Nxc5 17. Bxc5 bxc5 18. Nd3 Qxa2 19. Nxc5 Bc8 20. Ra1 Qb2 21. Qc4 Rd8 22. Na4 Qd4 23. Qxc7 Be6 24. c3 Qd3 25. Nb6 Rab8 26. Rxa5 Bf8 27. Rfa1 Qe2 28. Rf1 Qd3 29. h4 h5 30. Re1 Qd2 31. Re3 Qb2 32. Rf3 Rd1+ 33. Kh2 Bd6 34. Qc6 Qe2 35. Rf6 Qe1 36. Rxe6 fxe6 37. Qd7 Bf8 38. Qxe6+ Kh7 39. Ra7+ Bg7 40. Qf7 Rg8 41. Nd5 Rxd5 42. exd5 1-0